Gallery of Art Project

Salvato in:
Dettagli Bibliografici
Autore principale: Pantelidou, Aikaterini (Autore)
Altri autori: Hanuliak, Peter (Relatore della tesi)
Natura: Manoscritto Libro
Lingua:slovacco
inglese
Pubblicazione: 2020
Soggetti:
Accesso online:http://is.stuba.sk/zp/portal_zp.pl?podrobnosti=159910
https://opac.crzp.sk/?fn=detailBiblioForm&sid=F0D9EA643ED404031FEE161BE0B8
Tags: Aggiungi Tag
Nessun Tag, puoi essere il primo ad aggiungerne!!

MARC

LEADER 00000ntm a22000003a 4500
001 stuzp78878
003 SK-STU
005 20230522103842.5
007 ta
008 150427s2015----xo-----f-mn---000-0-slo-d
040 |a STU  |b slo 
041 0 |a eng 
100 1 |a Pantelidou, Aikaterini  |u 010180  |4 aut  |U SvF Stavebná fakulta  |T SvF Katedra konštrukcií pozemných stavieb  |X 88673  |U V180  |Y 18  |7 88673 
242 0 1 |a Projekt galérie umenia  |y slo 
245 1 0 |a Gallery of Art Project 
260 |c 2020 
650 4 |a umenie  |2 slo 
650 4 |a Galéria  |2 slo 
650 4 |a múzeum  |2 slo 
650 4 |a Art  |2 eng 
650 4 |a Gallery  |2 eng 
650 4 |a Museum  |2 eng 
700 1 |a Hanuliak, Peter  |u 010180  |k Z1  |4 ths  |U SvF Stavebná fakulta  |T SvF Katedra konštrukcií pozemných stavieb  |X 11280  |U V180  |Y 18  |7 A000011280 
856 4 |u http://is.stuba.sk/zp/portal_zp.pl?podrobnosti=159910 
856 4 |u https://opac.crzp.sk/?fn=detailBiblioForm&sid=F0D9EA643ED404031FEE161BE0B8